书目信息 |
| 题名: |
现代设计方法实用教程
|
|
| 作者: | 孙新民 主编 | |
| 分册: | ||
| 出版信息: | 北京 人民邮电出版社 1999.03 |
|
| 页数: | 276页 | |
| 开本: | 16开 | |
| 丛书名: | ||
| 单 册: | ||
| 中图分类: | ||
| 科图分类: | ||
| 主题词: | 工程--设计 | |
| 电子资源: | ||
| ISBN: | 7-115-07616-2 | |
| 000 | 00590nam0 2200205 45 | |
| 001 | 9911070865 | |
| 005 | 20000616160707.6 | |
| 010 | @a7-115-07616-2@d26.00元 | |
| 100 | @a19991107d1999 km y0chiy0120 ea | |
| 101 | @achi | |
| 105 | @a z 000yy | |
| 200 | 1 | @a现代设计方法实用教程@AXian Dai She Ji Fang Fa Shi Yong Jiao Cheng@f孙新民主编@FSun Xin Min Zhu Bian |
| 210 | @a北京@c人民邮电出版社@d1999.03 | |
| 215 | @a276页@d16开 | |
| 606 | 0 | @a工程@x设计 |
| 690 | @v3 | |
| 690 | @aTB21-44@v3 | |
| 701 | @a孙新民@4主编 | |
| 801 | @aCN@bPFTUser@c19991107 | |
| 905 | @dTB21-44@eS542@b201868@f1 | |
| 现代设计方法实用教程/孙新民主编.-北京:人民邮电出版社,1999.03 |
| 276页;16开 |
| ISBN 7-115-07616-2:26.00元 |
| ● |
| 相关链接 |
|
|
|
正题名:现代设计方法实用教程
索取号:TB21-44/S542
 
预约/预借
| 序号 | 登录号 | 条形码 | 馆藏地/架位号 | 状态 | 备注 |
| 1 | 201868 | 202018681 | 自科库501/301自科库 45排4列2层/ [索取号:TB21-44/S542] | 在馆 |